[Event "Ostrava op"]
[Site "Ostrava"]
[Date "2010.05.08"]
[Round "8"]
[White "Prepiora, Vaclav"]
[Black "Koerber, Antonin"]
[Result "1/2-1/2"]
[WhiteElo "1760"]
[BlackElo "1830"]
[PlyCount "36"]
[EventDate "2010.05.01"]
[EventType "swiss"]
[EventRounds "9"]
[EventCountry "CZE"]
[SourceTitle "EXT 2011"]
[Source "ChessBase"]
[SourceDate "2010.11.26"]
[SourceVersion "1"]
[SourceVersionDate "2010.11.26"]
[SourceQuality "1"]

1. e4 e5 2. Nf3 Nc6 3. Bb5 a6 4. Ba4 b5 5. Bb3 Na5 6. 0-0 Nxb3 7. axb3 d6 8. d4 exd4 9. Qxd4 f6 10. Bf4 Ne7 11. h3 Bb7 12. Nc3 Ng6 13. Bg3 Be7 14. Rad1 0-0 15. Nd5 Re8 16. Rfe1 Bf8 17. c4 Ne5 18. Nh4 c6 1/2-1/2

[Event "Ostrava op"]
[Site "Ostrava"]
[Date "2010.05.05"]
[Round "5"]
[White "Mikulencak, Jan"]
[Black "Prepiora, Vaclav"]
[Result "1/2-1/2"]
[WhiteElo "1805"]
[BlackElo "1760"]
[PlyCount "51"]
[EventDate "2010.05.01"]
[EventType "swiss"]
[EventRounds "9"]
[EventCountry "CZE"]
[SourceTitle "EXT 2011"]
[Source "ChessBase"]
[SourceDate "2010.11.26"]
[SourceVersion "1"]
[SourceVersionDate "2010.11.26"]
[SourceQuality "1"]

1. e4 c5 2. Bc4 Nc6 3. Nf3 Nf6 4. d3 d6 5. h3 e6 6. c3 Be7 7. Be3 h6 8. 0-0 0-0 9. Qe2 d5 10. exd5 exd5 11. Bb3 Be6 12. d4 c4 13. Bc2 Qc8 14. Nh2 Bf5 15. Bxf5 Qxf5 16. Nd2 Rfe8 17. Qf3 Qxf3 18. Nhxf3 Bd6 19. Nh4 Re6 20. g3 Rae8 21. Ng2 Ne4 22. Nf4 Bxf4 23. Bxf4 Nxd2 24. Bxd2 Re2 25. Rfe1 Rxe1+ 26. Rxe1 1/2-1/2

[Event "Ostrava op"]
[Site "Ostrava"]
[Date "2010.05.03"]
[Round "3"]
[White "Kanovsky, Jan"]
[Black "Prepiora, Vaclav"]
[Result "1/2-1/2"]
[WhiteElo "1900"]
[BlackElo "1760"]
[PlyCount "64"]
[EventDate "2010.05.01"]
[EventType "swiss"]
[EventRounds "9"]
[EventCountry "CZE"]
[SourceTitle "EXT 2011"]
[Source "ChessBase"]
[SourceDate "2010.11.26"]
[SourceVersion "1"]
[SourceVersionDate "2010.11.26"]
[SourceQuality "1"]

1. e4 c5 2. Nc3 Nc6 3. g3 g6 4. Bg2 Bg7 5. d3 d6 6. f4 e6 7. Nf3 Nge7 8. 0-0 0-0 9. Be3 Nd4 10. Rb1 Nec6 11. a3 Rb8 12. Ne2 Nxf3+ 13. Bxf3 Qc7 14. c3 b6 15. d4 Bb7 16. Qd2 e5 17. fxe5 cxd4 18. cxd4 dxe5 19. d5 Na5 20. b3 Qd6 21. Qb4 Rfd8 22. Rfc1 Ba8 23. Qxd6 Rxd6 24. Bd2 Nb7 25. Bb4 Rdd8 26. Rc7 Bf8 27. Bxf8 Kxf8 28. Rbc1 a5 29. Kf2 Nd6 30. Nc3 Rbc8 31. Rxc8 Rxc8 32. a4 Bb7 1/2-1/2

[Event "Ostrava op"]
[Site "Ostrava"]
[Date "2009.05.10"]
[Round "9"]
[White "Vanicek, Adolf"]
[Black "Prepiora, Vaclav"]
[Result "1-0"]
[WhiteElo "1865"]
[BlackElo "1775"]
[PlyCount "83"]
[EventDate "2009.05.02"]
[EventType "swiss"]
[EventRounds "9"]
[EventCountry "CZE"]
[SourceTitle "EXT 2011"]
[Source "ChessBase"]
[SourceDate "2010.11.26"]
[SourceVersion "1"]
[SourceVersionDate "2010.11.26"]
[SourceQuality "1"]

1. f4 d5 2. Nf3 Bf5 3. d4 Nf6 4. Ne5 e6 5. Nd2 Bd6 6. Ndf3 Nbd7 7. e3 Bxe5 8. fxe5 Ne4 9. Bd3 0-0 10. 0-0 c5 11. c3 c4 12. Bb1 f6 13. exf6 Ndxf6 14. Ne5 Nd6 15. Bd2 Bxb1 16. Rxb1 Qc7 17. Be1 Nde4 18. Bh4 Nd7 19. Nf3 Rf7 20. Qe2 Raf8 21. a3 Qd6 22. Rbd1 h6 23. Nd2 Nxd2 24. Rxf7 Rxf7 25. Rxd2 g5 26. Bg3 Qf8 27. e4 Nf6 28. exd5 exd5 29. Rd1 Ne4 30. Be5 Rf2 31. Qg4 Qf7 32. Qc8+ Qf8 33. Qe6+ Qf7 34. Qxh6 Qh7 35. Qe6+ Qf7 36. Qc8+ Qf8 37. Qh3 Qf5 38. Qh8+ Kf7 39. Qg7+ Ke6 40. Bg3 Nxg3 41. hxg3 Rxb2 42. Re1+ 1-0

[Event "Ostrava op"]
[Site "Ostrava"]
[Date "2009.05.07"]
[Round "6"]
[White "Prepiora, Vaclav"]
[Black "Krupansky, Jaromir"]
[Result "1/2-1/2"]
[WhiteElo "1775"]
[BlackElo "1635"]
[PlyCount "104"]
[EventDate "2009.05.02"]
[EventType "swiss"]
[EventRounds "9"]
[EventCountry "CZE"]
[SourceTitle "EXT 2011"]
[Source "ChessBase"]
[SourceDate "2010.11.26"]
[SourceVersion "1"]
[SourceVersionDate "2010.11.26"]
[SourceQuality "1"]

1. e4 c5 2. Nf3 Nc6 3. d4 cxd4 4. Nxd4 g6 5. Nc3 Bg7 6. Be3 Nf6 7. Bc4 0-0 8. Bb3 a5 9. a4 d6 10. f3 Bd7 11. Qd2 Rc8 12. 0-0 Ne5 13. Qe2 Nc6 14. Rad1 Ne5 15. Ndb5 Rb8 16. Nd5 Nxd5 17. Bxd5 Bc6 18. Nc3 Nd7 19. Qd2 Bxc3 20. Qxc3 Bxa4 21. Bh6 Nf6 22. Bxf8 Kxf8 23. Ra1 Rc8 24. Qa3 Qb6+ 25. Kh1 Bd7 26. Qb3 Qxb3 27. Bxb3 b6 28. c3 Bb5 29. Rfd1 Nd7 30. Ba4 Bxa4 31. Rxa4 Ne5 32. Rd5 h6 33. Kg1 Rc6 34. Kf2 Ke8 35. Ke2 Kd7 36. h3 Kc7 37. Rb5 Nd7 38. Kd2 Ne5 39. f4 Nd7 40. b4 Rc4 41. Kd3 Rc6 42. g4 f6 43. h4 e5 44. f5 g5 45. h5 Kd8 46. c4 Kc7 47. Ra1 Kc8 48. Kc3 axb4+ 49. Rxb4 Nc5 50. Re1 Kb7 51. Re2 Rc8 52. Rb1 Ra8 1/2-1/2

[Event "Ostrava op"]
[Site "Ostrava"]
[Date "2009.05.05"]
[Round "4"]
[White "Prepiora, Vaclav"]
[Black "Kubeczka, Ales"]
[Result "0-1"]
[WhiteElo "1775"]
[BlackElo "1965"]
[PlyCount "36"]
[EventDate "2009.05.02"]
[EventType "swiss"]
[EventRounds "9"]
[EventCountry "CZE"]
[SourceTitle "EXT 2011"]
[Source "ChessBase"]
[SourceDate "2010.11.26"]
[SourceVersion "1"]
[SourceVersionDate "2010.11.26"]
[SourceQuality "1"]

1. e4 Nc6 2. Nf3 d5 3. exd5 Qxd5 4. Nc3 Qa5 5. d4 Bg4 6. Bb5 0-0-0 7. Bxc6 bxc6 8. h3 Qh5 9. Be3 e5 10. Qd3 Bxf3 11. Qa6+ Kd7 12. gxf3 Qxf3 13. Kd2 exd4 14. Bxd4 c5 15. Qb5+ Kc8 16. Rad1 Rxd4+ 17. Kc1 Nf6 18. Rhe1 Bd6 0-1

[Event "Ostrava Konik op-B"]
[Site "Ostrava"]
[Date "2007.05.??"]
[Round "9"]
[White "Prepiora, Vaclav"]
[Black "Blecharz, Pavel"]
[Result "1/2-1/2"]
[WhiteElo "1785"]
[BlackElo "1605"]
[PlyCount "53"]
[EventDate "2007.05.??"]
[EventType "swiss"]
[EventRounds "9"]
[EventCountry "CZE"]
[SourceTitle "EXT 2010"]
[Source "ChessBase"]
[SourceDate "2010.11.25"]
[SourceVersion "1"]
[SourceVersionDate "2010.11.25"]
[SourceQuality "1"]

1. e4 c5 2. Nf3 Nc6 3. d4 cxd4 4. Nxd4 d6 5. Nc3 g6 6. Be3 Bg7 7. Bc4 Nf6 8. f3 a6 9. Qd2 Ne5 10. Bb3 b5 11. Nd5 Bb7 12. Bh6 Rg8 13. Bxg7 Rxg7 14. Nxf6+ exf6 15. 0-0-0 Rc8 16. Ne2 Ke7 17. Nf4 Rc5 18. Nd3 Nxd3+ 19. Qxd3 Qc7 20. Rd2 Rg8 21. Rhd1 Rd8 22. Qe2 a5 23. Bd5 Bxd5 24. Rxd5 Rc8 25. Rxc5 Qxc5 26. Rd5 Qg1+ 27. Qd1 1/2-1/2

[Event "Ostrava SMP op"]
[Site "Ostrava"]
[Date "2006.05.07"]
[Round "9"]
[White "Tyn, Marek"]
[Black "Prepiora, Vaclav"]
[Result "0-1"]
[WhiteElo "1371"]
[BlackElo "1783"]
[PlyCount "160"]
[EventDate "2006.04.29"]
[EventType "swiss"]
[EventRounds "9"]
[EventCountry "CZE"]
[SourceTitle "EXT 2008"]
[Source "ChessBase"]
[SourceDate "2007.11.25"]
[SourceVersion "1"]
[SourceVersionDate "2007.11.25"]
[SourceQuality "1"]

1. e4 c5 2. Nf3 Nc6 3. d4 cxd4 4. Nxd4 Nf6 5. Nc3 d6 6. f3 e6 7. Bb5 Bd7 8. 0-0 Be7 9. Be3 0-0 10. Bxc6 bxc6 11. Nb3 a5 12. f4 a4 13. Nd2 Qc7 14. Qf3 Rfb8 15. b3 axb3 16. axb3 Ra5 17. Nc4 Rxa1 18. Rxa1 d5 19. exd5 cxd5 20. Ra7 Qc6 21. h3 Bc5 22. Ne5 Bxe3+ 23. Qxe3 Qc8 24. Ne2 Be8 25. c4 Rxb3 26. Qxb3 Qc5+ 27. Kh2 Qxa7 28. cxd5 Nxd5 29. Qg3 Qe3 30. Qxe3 Nxe3 31. Kg3 h5 32. Kf3 Nd5 33. Ng3 f6 34. Nc4 h4 35. Ne4 Bh5+ 36. Kf2 Nxf4 37. Nc5 e5 38. Ne3 Bf7 39. Nb7 Bd5 40. Nd6 Bc6 41. Ndf5 Ng6 42. Kg1 Be4 43. Nd6 Bd3 44. Kf2 Ne7 45. Kg1 g5 46. Nb7 Kf7 47. Nc5 Bb1 48. Kf2 Nf5 49. Ng4 Ne7 50. Nd7 Nd5 51. Kf1 Bf5 52. Nc5 Bxg4 53. hxg4 Ne3+ 54. Kg1 Nxg4 55. Nd3 e4 56. Ne1 f5 57. Nc2 Kf6 58. Kf1 f4 59. Ke2 Ke5 60. Nb4 Ne3 61. Kf2 Kd4 62. Nc6+ Kd3 63. Ne5+ Kd2 64. Nf7 g4 65. Ng5 Nd1+ 66. Kg1 e3 67. Ne4+ Ke2 68. Kh2 f3 69. gxf3 gxf3 70. Kh3 f2 71. Kxh4 f1Q 72. Ng3+ Kf2 73. Nxf1 Kxf1 74. Kg4 e2 75. Kf5 e1Q 76. Kf4 Qe6 77. Kg5 Ne3 78. Kf4 Nd5+ 79. Kg5 Qf6+ 80. Kg4 Qf4+ 0-1

[Event "Ostrava SMP op"]
[Site "Ostrava"]
[Date "2006.05.02"]
[Round "4"]
[White "Prepiora, Vaclav"]
[Black "Kudla, Richard"]
[Result "1/2-1/2"]
[WhiteElo "1783"]
[BlackElo "1598"]
[PlyCount "62"]
[EventDate "2006.04.29"]
[EventType "swiss"]
[EventRounds "9"]
[EventCountry "CZE"]
[SourceTitle "EXT 2008"]
[Source "ChessBase"]
[SourceDate "2007.11.25"]
[SourceVersion "1"]
[SourceVersionDate "2007.11.25"]
[SourceQuality "1"]

1. e4 c6 2. d4 d5 3. Nc3 dxe4 4. Nxe4 Bf5 5. Ng3 Bg6 6. h4 h6 7. Nf3 Nd7 8. h5 Bh7 9. Bd3 Bxd3 10. Qxd3 Ngf6 11. Bf4 e6 12. 0-0 Be7 13. c4 0-0 14. Rad1 Re8 15. Ne5 Nxe5 16. dxe5 Nh7 17. Ne4 Qxd3 18. Rxd3 Red8 19. Rfd1 Rxd3 20. Rxd3 Nf8 21. Nd6 Rd8 22. Rg3 Bxd6 23. exd6 Kh7 24. c5 Nd7 25. b4 a5 26. a3 axb4 27. axb4 Ra8 28. Be3 f6 29. Bc1 Ra1 30. Rc3 Rb1 31. Kh2 Rxb4 1/2-1/2

[Event "Ostrava SMP op"]
[Site "Ostrava"]
[Date "2006.04.29"]
[Round "1"]
[White "Sedlacek, Milan"]
[Black "Prepiora, Vaclav"]
[Result "0-1"]
[WhiteElo "1355"]
[BlackElo "1783"]
[PlyCount "32"]
[EventDate "2006.04.29"]
[EventType "swiss"]
[EventRounds "9"]
[EventCountry "CZE"]
[SourceTitle "EXT 2008"]
[Source "ChessBase"]
[SourceDate "2007.11.25"]
[SourceVersion "1"]
[SourceVersionDate "2007.11.25"]
[SourceQuality "1"]

1. Nf3 Nf6 2. e3 g6 3. d4 Bg7 4. Bc4 d5 5. Bd3 0-0 6. Nbd2 Re8 7. c4 c6 8. b3 Bg4 9. h3 Bxf3 10. Qxf3 Nbd7 11. Bb2 e5 12. dxe5 Nxe5 13. Bxe5 Rxe5 14. c5 d4 15. Ne4 dxe3 16. Qxe3 Nxe4 0-1

[Event "CZE-Cup01 fin bd01 email"]
[Site "Czech email"]
[Date "2003.??.??"]
[Round "?"]
[White "Gubas, Jan"]
[Black "Prepiora, Vaclav"]
[Result "1/2-1/2"]
[WhiteElo "2315"]
[BlackElo "2360"]
[PlyCount "45"]
[EventDate "2003.??.??"]
[EventType "tourn (corr)"]
[EventRounds "14"]
[EventCountry "CZE"]
[SourceTitle "Corr 2006"]
[Source "ChessBase"]
[SourceDate "2006.04.01"]
[SourceVersion "3"]
[SourceVersionDate "2006.04.01"]
[SourceQuality "1"]

1. e4 c5 2. Nf3 d6 3. d4 cxd4 4. Nxd4 Nf6 5. Nc3 Nc6 6. Bg5 e6 7. Qd2 a6 8. 0-0-0 h6 9. Be3 Be7 10. f4 Nxd4 11. Bxd4 b5 12. Qe3 Bb7 13. Bxf6 Bxf6 14. e5 Be7 15. exd6 Bxd6 16. Ne4 Bxe4 17. Qxe4 0-0 18. Bd3 g6 19. h4 Qf6 20. Rdf1 Qf5 21. Qf3 Qd5 22. Qxd5 exd5 23. f5 1/2-1/2

[Event "CZE-Cup01 fin bd01 email"]
[Site "Czech email"]
[Date "2003.??.??"]
[Round "?"]
[White "Lounek, Jan"]
[Black "Prepiora, Vaclav"]
[Result "1/2-1/2"]
[WhiteElo "2320"]
[BlackElo "2360"]
[PlyCount "42"]
[EventDate "2003.??.??"]
[EventType "tourn (corr)"]
[EventRounds "14"]
[EventCountry "CZE"]
[SourceTitle "Corr 2006"]
[Source "ChessBase"]
[SourceDate "2006.04.01"]
[SourceVersion "3"]
[SourceVersionDate "2006.04.01"]
[SourceQuality "1"]

1. e4 c5 2. Nf3 d6 3. d4 cxd4 4. Nxd4 Nf6 5. Nc3 Nc6 6. Bg5 e6 7. Qd2 a6 8. 0-0-0 h6 9. Be3 Be7 10. f4 Nxd4 11. Bxd4 b5 12. Be2 b4 13. Na4 Rb8 14. Bxf6 gxf6 15. b3 Qa5 16. Kb1 Bb7 17. Bf3 f5 18. Rhe1 Rg8 19. Nb2 Qc5 20. Na4 Qa5 21. Nb2 Qc5 1/2-1/2

[Event "CZE-Cup01 fin bd01 email"]
[Site "Czech email"]
[Date "2003.??.??"]
[Round "?"]
[White "Pecka, Josef"]
[Black "Prepiora, Vaclav"]
[Result "0-1"]
[WhiteElo "2285"]
[BlackElo "2360"]
[PlyCount "86"]
[EventDate "2003.??.??"]
[EventType "tourn (corr)"]
[EventRounds "14"]
[EventCountry "CZE"]
[SourceTitle "Corr 2006"]
[Source "ChessBase"]
[SourceDate "2006.04.01"]
[SourceVersion "3"]
[SourceVersionDate "2006.04.01"]
[SourceQuality "1"]

1. e4 c5 2. Nf3 d6 3. d4 cxd4 4. Nxd4 Nf6 5. Nc3 Nc6 6. Bg5 e6 7. Qd2 a6 8. 0-0-0 h6 9. Be3 Be7 10. f4 Nxd4 11. Qxd4 b5 12. Be2 Bb7 13. g4 Rc8 14. g5 hxg5 15. fxg5 Rh3 16. Bf1 Rxc3 17. bxc3 Rxe3 18. Qxe3 Nxe4 19. Rg1 d5 20. Qxe4 Bxg5+ 21. Kb2 dxe4 22. Rxd8+ Bxd8 23. Rxg7 Kf8 24. Rh7 Bf6 25. Rh5 Bd5 26. a4 bxa4 27. Ka3 Bxc3 28. Kxa4 f5 29. Rh3 Bd4 30. Bxa6 f4 31. Bf1 f3 32. c4 Bc6+ 33. Kb3 Bf2 34. Rh6 e3 35. Rxe6 Kf7 36. Bh3 e2 37. Bg4 e1Q 38. Rxe1 Bxe1 39. Bh3 Kf6 40. Bf1 Ke5 41. c5 Kd4 42. Kb2 Kxc5 43. Kc2 Bb5 0-1

[Event "CZE-ch02 final email "]
[Site "Czechia"]
[Date "2003.??.??"]
[Round "?"]
[White "Prepiora, Vaclav"]
[Black "Gubas, Jan"]
[Result "1/2-1/2"]
[WhiteElo "2362"]
[BlackElo "2347"]
[PlyCount "76"]
[EventDate "2004.??.??"]
[EventType "tourn (corr)"]
[EventRounds "16"]
[EventCountry "CZE"]
[EventCategory "3"]
[SourceTitle "Corr 2006"]
[Source "ChessBase"]
[SourceDate "2006.04.01"]
[SourceVersion "3"]
[SourceVersionDate "2006.04.01"]
[SourceQuality "1"]

1. e4 e6 2. d4 d5 3. e5 c5 4. c3 Nc6 5. Nf3 Qb6 6. Be2 cxd4 7. cxd4 Nge7 8. Nc3 Nf5 9. Na4 Qa5+ 10. Bd2 Qd8 11. Bc3 Rb8 12. 0-0 b5 13. Nc5 b4 14. Be1 Bxc5 15. dxc5 0-0 16. a3 bxa3 17. bxa3 f6 18. exf6 Qxf6 19. Rc1 Rd8 20. Bd2 h6 21. Re1 e5 22. Bc3 Nfe7 23. Qa4 Rf8 24. Bd3 d4 25. Ba5 Bg4 26. Be4 Nxa5 27. Qxa5 Bxf3 28. Bxf3 Rb3 29. Qa4 Rxf3 30. gxf3 Ng6 31. Qb3+ Kh8 32. c6 Nh4 33. f4 Qxf4 34. Qg3 Nf3+ 35. Kf1 Qf6 36. Red1 Ng5 37. Re1 d3 38. c7 Qa6 1/2-1/2

[Event "CZE-ch02 final email "]
[Site "Czechia"]
[Date "2003.??.??"]
[Round "?"]
[White "Prepiora, Vaclav"]
[Black "Pravec, Ladislav"]
[Result "1/2-1/2"]
[WhiteElo "2362"]
[BlackElo "2302"]
[PlyCount "117"]
[EventDate "2004.??.??"]
[EventType "tourn (corr)"]
[EventRounds "16"]
[EventCountry "CZE"]
[EventCategory "3"]
[SourceTitle "Corr 2006"]
[Source "ChessBase"]
[SourceDate "2006.04.01"]
[SourceVersion "3"]
[SourceVersionDate "2006.04.01"]
[SourceQuality "1"]

1. e4 c5 2. Nf3 Nc6 3. d4 cxd4 4. Nxd4 Nf6 5. Nc3 d6 6. Bg5 Qb6 7. Be3 a6 8. Nb3 Qc7 9. Nd5 Nxd5 10. exd5 Ne5 11. Be2 e6 12. 0-0 Be7 13. dxe6 Bxe6 14. f4 Nc6 15. Nd4 Bd7 16. c3 Bf6 17. Nc2 0-0 18. Bd3 Rae8 19. Qh5 g6 20. Qf3 Ne7 21. Bf2 Bg7 22. Rae1 Qc6 23. Qd1 Qa4 24. Nb4 Qxd1 25. Rxd1 Be6 26. Rd2 a5 27. Nc2 Bxa2 28. Ra1 Be6 29. Rxa5 Nd5 30. f5 gxf5 31. Bf1 Nxc3 32. bxc3 Bxc3 33. Rad5 Bxd2 34. Rxd2 Ra8 35. Rxd6 Rfc8 36. Nb4 Bc4 37. Rd1 Bxf1 38. Kxf1 Kg7 39. Nd5 Ra2 40. Rb1 Rd2 41. Nf4 Rcc2 42. Be3 Rd7 43. Ne2 Ra2 44. Rb5 f6 45. Rxf5 Rd3 46. Kf2 Rb3 47. Bd4 Rd3 48. Rf4 Rdd2 49. Re4 Kf7 50. Kf3 b5 51. Bc5 Rd3+ 52. Re3 Rxe3+ 53. Kxe3 h5 54. h4 Ke6 55. g3 Kf5 56. Kf3 Rb2 57. Nd4+ Kg6 58. Ne6 Kf5 59. Nd4+ 1/2-1/2

[Event "CZE-ch02 final email "]
[Site "Czechia"]
[Date "2003.??.??"]
[Round "?"]
[White "Pytlik, Leszek"]
[Black "Prepiora, Vaclav"]
[Result "1/2-1/2"]
[WhiteElo "2316"]
[BlackElo "2362"]
[PlyCount "61"]
[EventDate "2004.??.??"]
[EventType "tourn (corr)"]
[EventRounds "16"]
[EventCountry "CZE"]
[EventCategory "3"]
[SourceTitle "Corr 2006"]
[Source "ChessBase"]
[SourceDate "2006.04.01"]
[SourceVersion "3"]
[SourceVersionDate "2006.04.01"]
[SourceQuality "1"]

1. e4 c5 2. Nf3 d6 3. d4 cxd4 4. Nxd4 Nf6 5. Nc3 Nc6 6. Bg5 e6 7. Qd2 a6 8. 0-0-0 h6 9. Be3 Be7 10. f4 Nxd4 11. Bxd4 b5 12. Qe3 Bb7 13. Bxf6 Bxf6 14. e5 Be7 15. exd6 Bxd6 16. Ne4 Bxe4 17. Qxe4 0-0 18. Bd3 g6 19. h4 Qf6 20. Rdf1 Qf5 21. Qe3 Qc5 22. Qd2 Rad8 23. Kb1 Be7 24. g4 Qd4 25. f5 Bf6 26. Qc1 g5 27. fxe6 fxe6 28. Re1 Rd6 29. Re4 Qf2 30. hxg5 Bxg5 31. Qd1 1/2-1/2

[Event "CZE-ch02 final email "]
[Site "Czechia"]
[Date "2003.??.??"]
[Round "?"]
[White "Thoma, Otomar"]
[Black "Prepiora, Vaclav"]
[Result "0-1"]
[WhiteElo "2206"]
[BlackElo "2362"]
[PlyCount "90"]
[EventDate "2004.??.??"]
[EventType "tourn (corr)"]
[EventRounds "16"]
[EventCountry "CZE"]
[EventCategory "3"]
[SourceTitle "Corr 2006"]
[Source "ChessBase"]
[SourceDate "2006.04.01"]
[SourceVersion "3"]
[SourceVersionDate "2006.04.01"]
[SourceQuality "1"]

1. e4 c5 2. Nf3 d6 3. d4 cxd4 4. Nxd4 Nf6 5. Nc3 Nc6 6. Bg5 e6 7. Qd2 a6 8. 0-0-0 h6 9. Be3 Be7 10. f4 Nxd4 11. Bxd4 b5 12. Be2 b4 13. Na4 Rb8 14. Bxf6 gxf6 15. b3 Qa5 16. c3 f5 17. exf5 Qxf5 18. cxb4 d5 19. Nc5 a5 20. g4 Qf6 21. Kb1 axb4 22. Qe3 Bd6 23. Rhf1 0-0 24. g5 hxg5 25. fxg5 Qe5 26. Qxe5 Bxe5 27. h4 Rb6 28. h5 f5 29. Nd3 Bd6 30. Bf3 Kh7 31. Rfe1 Rc6 32. g6+ Kh6 33. Rc1 Rxc1+ 34. Kxc1 Bd7 35. Ne5 Bxe5 36. Rxe5 Rc8+ 37. Kd1 Rc3 38. Ke2 Kg7 39. Re3 Kf6 40. a4 d4 41. Rd3 e5 42. Bd5 f4 43. Rxc3 bxc3 44. Be4 f3+ 45. Bxf3 Bf5 0-1

[Event "Moravia-ch7 corr9800"]
[Site "Czech Republic"]
[Date "1998.??.??"]
[Round "?"]
[White "Osladil, Jaroslav"]
[Black "Prepiora, Vaclav"]
[Result "1/2-1/2"]
[WhiteElo "2310"]
[BlackElo "2223"]
[PlyCount "53"]
[EventDate "1998.??.??"]
[EventType "tourn (corr)"]
[EventRounds "16"]
[EventCountry "CZE"]
[SourceTitle "Corr 2002"]
[Source "ChessBase"]
[SourceDate "2002.05.23"]
[SourceVersion "1"]
[SourceVersionDate "2002.05.23"]
[SourceQuality "1"]

1. c4 Nf6 2. Nc3 e5 3. Nf3 Nc6 4. g3 Bb4 5. Bg2 0-0 6. 0-0 e4 7. Ng5 Bxc3 8. bxc3 Re8 9. d3 exd3 10. exd3 h6 11. Ne4 Nxe4 12. Bxe4 Ne5 13. Re1 d6 14. Kg2 c6 15. f4 Bg4 16. Qd2 f5 17. fxe5 fxe4 18. Rxe4 Bf5 19. Rf4 Rxe5 20. d4 Be4+ 21. Kg1 Re7 22. Ba3 Qd7 23. Re1 Rae8 24. Rf2 b5 25. Qf4 Re6 26. cxb5 cxb5 27. Bb4 1/2-1/2

[Event "Moravia-ch7 corr9800"]
[Site "Czech Republic"]
[Date "1998.??.??"]
[Round "?"]
[White "Prepiora, Vaclav"]
[Black "Krcmar, Jiri"]
[Result "1-0"]
[WhiteElo "2235"]
[BlackElo "2240"]
[PlyCount "21"]
[EventDate "1998.??.??"]
[EventType "tourn (corr)"]
[EventRounds "16"]
[EventCountry "CZE"]
[SourceTitle "Corr 2002"]
[Source "ChessBase"]
[SourceDate "2002.05.23"]
[SourceVersion "1"]
[SourceVersionDate "2002.05.23"]
[SourceQuality "1"]

1. e4 c5 2. Nf3 d6 3. d4 cxd4 4. Nxd4 Nf6 5. Nc3 g6 6. Be3 Bg7 7. f3 Nc6 8. Qd2 0-0 9. Bc4 Qa5 10. Bb3 Bd7 11. 0-0-0 1-0

[Event "Moravia-ch7 corr9800"]
[Site "Czech Republic"]
[Date "1998.??.??"]
[Round "?"]
[White "Prepiora, Vaclav"]
[Black "Ksir, Bohumil"]
[Result "1-0"]
[WhiteElo "2235"]
[BlackElo "2160"]
[PlyCount "83"]
[EventDate "1998.??.??"]
[EventType "tourn (corr)"]
[EventRounds "16"]
[EventCountry "CZE"]
[SourceTitle "Corr 2002"]
[Source "ChessBase"]
[SourceDate "2002.05.23"]
[SourceVersion "1"]
[SourceVersionDate "2002.05.23"]
[SourceQuality "1"]

1. e4 c6 2. d4 d5 3. Nc3 dxe4 4. Nxe4 Bf5 5. Ng3 Bg6 6. h4 h6 7. Nf3 Nd7 8. h5 Bh7 9. Bd3 Bxd3 10. Qxd3 Qc7 11. Bd2 e6 12. 0-0-0 Ngf6 13. Ne4 0-0-0 14. g3 Nc5 15. Nxc5 Bxc5 16. Bf4 Bd6 17. Bxd6 Qxd6 18. Ne5 Rhf8 19. Qc3 Kb8 20. f4 Rc8 21. g4 Nd5 22. Qg3 c5 23. Rh2 f6 24. Ng6 Rfd8 25. Rhd2 cxd4 26. Rxd4 Rd7 27. Qb3 Rdc7 28. c3 Qa6 29. R1d3 Rc5 30. a3 Qc6 31. f5 Rb5 32. Qd1 Qb6 33. Qd2 Rb3 34. Qh2+ Ka8 35. Qc2 Nxc3 36. Rxc3 Rbxc3 37. bxc3 e5 38. Rd7 Qc6 39. Rxg7 Qc4 40. Rd7 Qxg4 41. Ne7 Qg1+ 42. Qd1 1-0

[Event "Moravia-ch7 corr9800"]
[Site "Czech Republic"]
[Date "1998.??.??"]
[Round "?"]
[White "Prepiora, Vaclav"]
[Black "Kuchta, Jiri"]
[Result "1/2-1/2"]
[WhiteElo "2235"]
[BlackElo "2166"]
[PlyCount "71"]
[EventDate "1998.??.??"]
[EventType "tourn (corr)"]
[EventRounds "16"]
[EventCountry "CZE"]
[SourceTitle "Corr 2002"]
[Source "ChessBase"]
[SourceDate "2002.05.23"]
[SourceVersion "1"]
[SourceVersionDate "2002.05.23"]
[SourceQuality "1"]

1. e4 c6 2. d4 d5 3. Nc3 dxe4 4. Nxe4 Nd7 5. Bc4 Ngf6 6. Ng5 e6 7. Qe2 Nb6 8. Bd3 h6 9. N5f3 c5 10. dxc5 Nbd7 11. Ne5 Nxe5 12. Qxe5 Nd7 13. Qd4 Nxc5 14. Qxd8+ Kxd8 15. Be2 Ne4 16. Bd3 Nc5 17. Be2 Bd6 18. Be3 Ke7 19. Nf3 b6 20. Nd4 Bb7 21. 0-0 Rhd8 22. Rfd1 Rac8 23. Nb5 Bb8 24. c4 a6 25. Nc3 Be5 26. Rac1 Rxd1+ 27. Nxd1 a5 28. Nc3 Rd8 29. b3 f5 30. f4 Bd4 31. Bxd4 Rxd4 32. Rd1 Rxd1+ 33. Bxd1 g5 34. fxg5 hxg5 35. Bf3 Ba6 36. Kf2 1/2-1/2

[Event "Moravia-ch7 corr9800"]
[Site "Czech Republic"]
[Date "1998.??.??"]
[Round "?"]
[White "Prepiora, Vaclav"]
[Black "Trcka, Vaclav"]
[Result "1/2-1/2"]
[WhiteElo "2235"]
[BlackElo "2130"]
[PlyCount "44"]
[EventDate "1998.??.??"]
[EventType "tourn (corr)"]
[EventRounds "16"]
[EventCountry "CZE"]
[SourceTitle "Corr 2002"]
[Source "ChessBase"]
[SourceDate "2002.05.23"]
[SourceVersion "1"]
[SourceVersionDate "2002.05.23"]
[SourceQuality "1"]

1. e4 c5 2. Nf3 Nc6 3. d4 cxd4 4. Nxd4 Nf6 5. Nc3 e5 6. Ndb5 d6 7. Bg5 a6 8. Na3 b5 9. Bxf6 gxf6 10. Nd5 Bg7 11. c3 f5 12. exf5 Bxf5 13. Nc2 Be6 14. g3 0-0 15. Bg2 a5 16. 0-0 f5 17. Re1 Rc8 18. Na3 b4 19. Nc4 bxc3 20. bxc3 Nb8 21. Ndb6 Bxc4 22. Nxc4 Rxc4 1/2-1/2

[Event "Moravia-ch3 corr9496"]
[Site "Czech Republic"]
[Date "1994.??.??"]
[Round "?"]
[White "Ksir, Bohumil"]
[Black "Prepiora, Vaclav"]
[Result "1/2-1/2"]
[WhiteElo "2100"]
[BlackElo "1960"]
[PlyCount "111"]
[EventDate "1994.??.??"]
[EventType "tourn (corr)"]
[EventRounds "12"]
[EventCountry "CZE"]
[SourceTitle "Corr 2002"]
[Source "ChessBase"]
[SourceDate "2002.05.23"]
[SourceVersion "1"]
[SourceVersionDate "2002.05.23"]
[SourceQuality "1"]

1. e4 c5 2. Nf3 Nc6 3. d4 cxd4 4. Nxd4 e6 5. Nc3 d6 6. g4 Be7 7. Be3 a6 8. h4 e5 9. Nf5 Bxf5 10. exf5 Bxh4 11. Nd5 Rc8 12. Bb6 Qg5 13. Be3 Qd8 14. Qd2 Be7 15. 0-0-0 Qa5 16. Qxa5 Nxa5 17. Bg2 Bd8 18. b3 Rb8 19. Nb6 Nf6 20. Bf3 Be7 21. Kb2 Nd7 22. Rd5 Nc6 23. Nc4 e4 24. Be2 Nf6 25. Rdd1 Rd8 26. Bb6 Rd7 27. g5 Ng8 28. f6 gxf6 29. Bg4 Ne5 30. Bxd7+ Kxd7 31. Nxe5+ fxe5 32. Rh5 Ke6 33. Rdh1 Kf5 34. Rxh7 Rxh7 35. Rxh7 Kg6 36. Rh8 Kg7 37. Rh4 Bxg5 38. Rxe4 d5 39. Rb4 Be7 40. Rg4+ Kf8 41. Rg1 Bd6 42. c3 Ne7 43. Rh1 Kg7 44. Rg1+ Kf8 45. Rh1 Kg7 46. Rd1 Kf6 47. Kc2 Ke6 48. Rh1 Ng6 49. a4 Be7 50. a5 Nf8 51. Be3 Ng6 52. Bb6 Nh4 53. Rg1 Ng6 54. Rh1 Nh4 55. Rg1 Ng6 56. Rh1 1/2-1/2